| 000 | 00759cam a2200193 a 4500 | ||
|---|---|---|---|
| 001 | 000006329 | ||
| 005 | 20200929153922.0 | ||
| 008 | 971219s1973 pr b s000 0 spa | ||
| 040 |
_aDO-SdBNP _bspa _cBNPHU |
||
| 082 |
_aPR861.4408 _bL792ó |
||
| 100 | 1 |
_aLlorens Torres, Luis, _d1876-1944. _94234 |
|
| 245 | 1 | 0 |
_aObras completas / _cLuis Llorens Torres. |
| 260 |
_aSan Juan, Puerto Rico : _bInstituto de Cultura Puertorriqueña, _c1973. |
||
| 300 |
_av. ; _c23 cm. |
||
| 505 | 1 | _aVol. 1 Poesía : Al pie de la alhambra. Sonetos sinfónicos. Voces de la campana mayor. alturas de América. | |
| 500 | _aLa biblioteca sólo posee el volumen 1. | ||
| 650 | 4 |
_aPoesía puertorriqueña _xColecciones _98932 |
|
| 650 | 4 |
_aLiteratura puertorriqueña _xColecciones _917643 |
|
| 999 |
_c6124 _d6124 |
||